जागर / (Record no. 57720)
[ view plain ]
| 000 -LEADER | |
|---|---|
| fixed length control field | 01097nam a22002537a 4500 |
| 005 - DATE AND TIME OF LATEST TRANSACTION | |
| control field | 20110913152830.0 |
| 008 - FIXED-LENGTH DATA ELEMENTS--GENERAL INFORMATION | |
| fixed length control field | 110913t xxu||||| |||| 00| 0 mar d |
| 010 ## - LCCN (DPL NO) | |
| LC control number | MAR-21444 |
| 020 ## - INTERNATIONAL STANDARD BOOK NUMBER | |
| Terms of availability | 70.00 |
| 035 ## - SYSTEM CONTROL NUMBER | |
| System control number | MR-14102 |
| 037 ## - SOURCE OF ACQUISITION | |
| Source of stock number/acquisition | DBAD/PUB |
| 040 ## - CATALOGING SOURCE | |
| Original cataloging agency | DPL |
| Language of cataloging | MR |
| 082 ## - DEWEY DECIMAL CLASSIFICATION NUMBER | |
| Classification number | 891.463 |
| 100 ## - MAIN ENTRY--PERSONAL NAME | |
| 9 (RLIN) | 34729 |
| Personal name | गज्वी,प्रेमानंद |
| 245 ## - TITLE STATEMENT | |
| Title | जागर / |
| Statement of responsibility, etc | प्रेमानंद गज्वी |
| 246 ## - VARYING FORM OF TITLE | |
| Title proper/short title | Jagar |
| Remainder of title | by Premanand Gajavi |
| 260 ## - PUBLICATION, DISTRIBUTION, ETC. (IMPRINT) | |
| Place of publication, distribution, etc | नागपूर |
| Name of publisher, distributor, etc | विजय प्रकाशन |
| Date of publication, distribution, etc | 2008 |
| 270 ## - ADDRESS | |
| City | नागपूर |
| Address | हनुमान गल्ली,सीताबर्डी |
| Postal code | 440012 |
| 300 ## - PHYSICAL DESCRIPTION | |
| Extent | 76पृ. |
| Dimensions | 21सेमी(अजिल्द) |
| 650 ## - SUBJECT ADDED ENTRY--TOPICAL TERM | |
| Topical term or geographic name as entry element | मराठी कादंबरी |
| 9 (RLIN) | 35546 |
| 650 ## - SUBJECT ADDED ENTRY--TOPICAL TERM | |
| Topical term or geographic name as entry element | Marathi Fiction |
| 9 (RLIN) | 35547 |
| 942 ## - ADDED ENTRY ELEMENTS (KOHA) | |
| Source of classification or shelving scheme | Dewey Decimal Classification |
| Item type | Marathi Books |
| Call number suffix | गज्वीप्रे |
| Classification part | 891.463 |
| Withdrawn status | Lost status | Source of classification or shelving scheme | Damaged status | Not for loan | Collection code | Home library | Current library | Date acquired | Source of acquisition | Cost, normal purchase price | Total Checkouts | Full call number | Barcode | Date last seen | Copy number | Cost, replacement price | Koha item type |
|---|---|---|---|---|---|---|---|---|---|---|---|---|---|---|---|---|---|
| Dewey Decimal Classification | Not For Loan | Fiction | D.B.Act.Division | D.B.Act.Division | 17/10/2011 | DBAD / PUB | 70.00 | 891.463 गज्वीप्रे | MR-14102 | 17/10/2011 | 1 | 70.00 | Marathi Books |
